Biggest Cities in the European Union by Letter - R - Statistics

General Stats
  • This quiz has been taken 290 times
  • The average score is 10 of 20
Answer Stats
Rank Population Country Hint City % Correct
1 2,865,000 Italy Colosseum, Trevi Foundation Rome
100%
2 641,000 Latvia Capital, Freedom Monument Riga
99%
3 638,000 Netherlands Europe's largest port, Feyenoord Rotterdam
99%
19 115,000 Greece Its Colossus was one of the Seven Wonders of the World Rhodes
71%
6 213,000 France Capital of Brittany (Bretagne) Rennes
66%
7 206,000 Germany Warnemünde, Baltic Sea Rostock
62%
10 183,000 France Germany's unconditional surrender Reims
61%
13 148,000 Italy 15-kilometre long beach, bars, discos Rimini
58%
4 226,000 United Kingdom Birthplace of Kate Middleton and Kate Winslet Reading
57%
12 159,000 Italy Roman architecture, Capital of Western Roman Empire Ravenna
48%
9 183,000 Italy Strait of Messina Reggio Calabria
47%
11 171,000 Italy Basilica dell Chiara Reggio Emilia
47%
18 128,000 Croatia Principal seaport, Krk Rijeka
47%
14 145,000 Germany Bavarian city also called Ratisbon Regensburg
46%
5 215,000 Poland Air Show, Pistols Radom
29%
15 145,000 Bulgaria Neo-Baroque Architecture, Danube River Ruse
26%
8 187,000 Poland Lubomirski Castle, southeastern Poland Rzeszów
26%
20 114,000 Germany Northernmost city in the Ruhr area Recklinghausen
17%
17 139,000 Poland First a fishing center, now large coal mines Rybnik
13%
16 139,000 Poland Suburb of Katowice Ruda Slaska
10%
No matching quizzes found
Score Distribution
Percent of People with Each Score
Percentile by Number Answered
Your Score History
You have not taken this quiz